| 000 | 00462nam a2200193Ia 4500 | ||
|---|---|---|---|
| 005 | 20240823042200.0 | ||
| 008 | 240823s9999||||xx |||||||||||||| ||und|| | ||
| 041 | _aENGLISH | ||
| 082 | _A001.42 N2 | ||
| 100 | _a"Sjoberg,Gibson" | ||
| 245 | 2 | _aA Methodology for Social Research | |
| 250 | _a1st | ||
| 260 |
_c1992 _b"Rawat,Jaipur" |
||
| 500 | _aYES | ||
| 650 |
_aSocial Science _bGeneral |
||
| 700 | _a" Sjoberg,Gudeon" | ||
| 942 | _cBK | ||
| 999 |
_c207265 _d207265 |
||